[Event "II Open Dicembre"]
[Site "Arco ITA"]
[Date "2011.12.28"]
[Round "4"]
[White "Galas, Franco"]
[Black "Marchelli, Luca"]
[Result "1-0"]
[WhiteElo "1749"]
[BlackElo "1419"]
[PlyCount "64"]
[EventDate "2011.12.26"]

1. d4 Nf6 2. Nf3 e6 3. e3 b6 4. c4 c5 5. Nc3 cxd4 6. Nxd4 Bb7 7. Nf3 Bc5 8. Be2
O-O 9. b3 d5 10. O-O dxc4 11. bxc4 Qe7 12. Bb2 Nc6 13. a3 Rfd8 14. Qc2 Rac8 15.
Nb5 a6 16. Nbd4 Nxd4 17. Nxd4 Bd6 18. f3 Bb8 19. a4 Qc7 20. g3 Nh5 21. f4 Nf6
22. Rac1 Be4 23. Qc3 h5 24. Nf3 Bf5 25. Ng5 Ne8 26. Bxh5 f6 27. Bf7+ Kh8 28.
Bxe6 Bxe6 29. Nxe6 Qc6 30. Nxd8 Rxd8 31. Rcd1 Nd6 32. Ba3 Ne4 1-0

[Event "II Open Dicembre"]
[Site "Arco ITA"]
[Date "2011.12.28"]
[Round "4"]
[White "Giancotti, Eraldo"]
[Black "Pojer, Romeo"]
[Result "1/2-1/2"]
[WhiteElo "2097"]
[BlackElo "2145"]
[PlyCount "105"]
[EventDate "2011.12.26"]

1. Nf3 Nf6 2. c4 g6 3. g3 Bg7 4. Bg2 d6 5. O-O O-O 6. Nc3 e5 7. d3 c6 8. Rb1 h6
9. c5 dxc5 10. Nxe5 Re8 11. Nc4 Be6 12. Qc2 Nbd7 13. b3 Nb6 14. Na5 Re7 15. Ne4
Nbd5 16. Nxf6+ Bxf6 17. Nc4 Bg7 18. Ba3 Bg4 19. Bxd5 cxd5 20. Ne3 Bh3 21. Qxc5
Rc7 22. Qxd5 Bxf1 23. Qxd8+ Rxd8 24. Kxf1 b5 25. Bb2 Bxb2 26. Rxb2 Kg7 27. f4
h5 28. Kf2 Kf6 29. Kf3 Rc5 30. Nd1 Ke6 31. Nf2 Rdc8 32. Ke3 Rc2 33. Rxc2 Rxc2
34. a4 bxa4 35. bxa4 f5 36. d4 Kd5 37. Nd3 Rc4 38. Ne5 Rxd4 39. Nxg6 Rxa4 40.
Ne7+ Ke6 41. Nc6 a5 42. Nd4+ Kf6 43. Kd3 Ra1 44. Nb3 Rh1 45. Nxa5 Rxh2 46. Ke3
Ke6 47. Nc6 Rh1 48. Nd4+ Kf6 49. Kf2 Rd1 50. Nc2 Rc1 51. Ne3 Ke6 52. Kg2 Rc3
53. Kf2 1/2-1/2

[Event "II Open Dicembre"]
[Site "Arco ITA"]
[Date "2011.12.28"]
[Round "4"]
[White "Horn, Peter"]
[Black "Petragnani, Alessandro"]
[Result "1-0"]
[WhiteElo "2159"]
[BlackElo "1924"]
[PlyCount "47"]
[EventDate "2011.12.26"]

1. c4 c5 2. g3 g6 3. Bg2 Bg7 4. Nc3 Nc6 5. Nf3 d6 6. a3 Rb8 7. b4 cxb4 8. axb4
Be6 9. b5 Na5 10. Qa4 Bxc3 11. dxc3 b6 12. Nd4 Bd7 13. Nc6 Bxc6 14. bxc6 Qc7
15. c5 Kf8 16. cxd6 Qxd6 17. O-O Qc5 18. Qb4 Qxb4 19. cxb4 Nc4 20. Rxa7 Kg7 21.
Bf4 e5 22. Rc1 exf4 23. Rxc4 Nf6 24. c7 1-0

[Event "II Open Dicembre"]
[Site "Arco ITA"]
[Date "2011.12.28"]
[Round "4"]
[White "Lantschner, Carmen"]
[Black "Bisaro, Andrea"]
[Result "0-1"]
[WhiteElo "1493"]
[BlackElo "1756"]
[PlyCount "80"]
[EventDate "2011.12.26"]

1. e4 c5 2. Nf3 e6 3. d4 cxd4 4. Nxd4 a6 5. Bc4 b5 6. Bb3 Bb7 7. Qd3 Qc7 8. Be3
Nf6 9. Nd2 d5 10. exd5 Nxd5 11. Bg5 Nd7 12. N2f3 Nc5 13. Qd2 Ne4 14. Qc1 Nxg5
15. Qxg5 h6 16. Qg4 Nf6 17. Qh3 Bc5 18. c3 O-O 19. O-O Rae8 20. Rac1 Qf4 21.
Ne2 Qe4 22. Ng3 Qg4 23. Qxg4 Nxg4 24. h3 Bxf3 25. gxf3 Ne5 26. Kg2 Rd8 27. Rcd1
Nd3 28. Ne4 Bb6 29. Rd2 Nf4+ 30. Kg3 Rxd2 31. Nxd2 Nd3 32. c4 Rc8 33. cxb5 axb5
34. Ne4 Nxb2 35. Rb1 Nc4 36. Bxc4 Bc7+ 37. Kg2 bxc4 38. a4 Be5 39. a5 c3 40.
Nxc3 Rxc3 0-1

[Event "II Open Dicembre"]
[Site "Arco ITA"]
[Date "2011.12.28"]
[Round "4"]
[White "Lezzerini, Marco"]
[Black "Scriboni, Simone"]
[Result "1/2-1/2"]
[WhiteElo "1871"]
[BlackElo "1961"]
[PlyCount "67"]
[EventDate "2011.12.26"]

1. c4 c6 2. g3 d5 3. Nf3 Nf6 4. Bg2 Bg4 5. Ne5 Be6 6. O-O dxc4 7. Qc2 Qd5 8.
Nf3 Qe4 9. Qd1 Bd5 10. Nc3 Qf5 11. Nxd5 cxd5 12. b3 Qc8 13. bxc4 Qxc4 14. Ba3
Nc6 15. Rc1 Qa6 16. Qb3 e6 17. Bxf8 Kxf8 18. Rb1 Rb8 19. Rfc1 Ke7 20. e3 Rhc8
21. Bf1 Qa5 22. Bb5 Nd8 23. a4 Qb6 24. Nd4 a6 25. Qa3+ Qd6 26. Qxd6+ Kxd6 27.
Bd3 Nc6 28. Nxc6 Rxc6 29. Rxc6+ Kxc6 30. Bxa6 Nd7 31. Bb5+ Kd6 32. Bxd7 Kxd7
33. Kf1 Kc6 34. Ke2 1/2-1/2

[Event "II Open Dicembre"]
[Site "Arco ITA"]
[Date "2011.12.28"]
[Round "4"]
[White "Medves, Enrico"]
[Black "Spornberger, Peter"]
[Result "1-0"]
[WhiteElo "1889"]
[BlackElo "1687"]
[PlyCount "60"]
[EventDate "2011.12.26"]

1. b3 g6 2. Bb2 Nf6 3. Bxf6 exf6 4. c4 d5 5. cxd5 Qxd5 6. Nc3 Qa5 7. a3 Be6 8.
g3 Bd6 9. Bg2 Nc6 10. b4 Qb6 11. e3 Rd8 12. d4 Nxb4 13. axb4 Bxb4 14. Nge2 Bc4
15. Qa4+ Ke7 16. Rb1 a5 17. O-O Qa6 18. Rfc1 c6 19. Bf3 f5 20. Nf4 h5 21. h4
Rhe8 22. Na2 Bxa2 23. Qxa2 Rd6 24. Be2 Qa8 25. Nd3 b5 26. Nxb4 axb4 27. Qxa8
Rxa8 28. Rxb4 Ra2 29. Bf3 Kd7 30. Rc5 Kc7 1-0

[Event "II Open Dicembre"]
[Site "Arco ITA"]
[Date "2011.12.28"]
[Round "4"]
[White "Molinelli, Luigi"]
[Black "Rizzo, Giuseppe"]
[Result "0-1"]
[WhiteElo "1267"]
[BlackElo "1732"]
[PlyCount "78"]
[EventDate "2011.12.26"]

1. d4 Nf6 2. c4 g6 3. Nc3 d5 4. Qc2 Nc6 5. Nf3 Bg7 6. Bf4 Bf5 7. Qb3 Na5 8.
Qa4+ c6 9. cxd5 Nxd5 10. Nxd5 Qxd5 11. e3 b6 12. Be2 O-O 13. O-O Bd7 14. Qc2
Bf5 15. Bd3 Bxd3 16. Qxd3 c5 17. Rfd1 cxd4 18. e4 Qb7 19. Rac1 Rac8 20. Rxc8
Rxc8 21. b3 Rd8 22. h3 Nc6 23. Qc4 b5 24. Qc5 e6 25. h4 h6 26. h5 Bf8 27. Qc1
Kh7 28. hxg6+ fxg6 29. Ne5 Nxe5 30. Bxe5 Bg7 31. Qc7 Qxc7 32. Bxc7 Rd7 33. Bf4
e5 34. Bc1 Rc7 35. Ba3 Rc2 36. Rc1 d3 37. Rxc2 dxc2 38. Kf1 h5 39. Bc1 Bh6 0-1

[Event "II Open Dicembre"]
[Site "Arco ITA"]
[Date "2011.12.28"]
[Round "4"]
[White "Mondal, Prince"]
[Black "Oltramari, Silvano"]
[Result "0-1"]
[WhiteElo "1786"]
[BlackElo "1583"]
[PlyCount "65"]
[EventDate "2011.12.26"]

1. e4 c5 2. c3 e5 3. Nf3 d6 4. Bc4 h6 5. d3 Nf6 6. Nbd2 Be7 7. Nf1 Nc6 8. Ne3
O-O 9. O-O a6 10. a4 Re8 11. Qb3 Rf8 12. Qc2 Rb8 13. Nd5 Bg4 14. Ne1 b5 15.
Nxf6+ Bxf6 16. Bd5 Ne7 17. Bb3 Qc7 18. f3 Bd7 19. Qf2 bxa4 20. Bxa4 Bb5 21. Bc2
a5 22. f4 exf4 23. Bxf4 Ng6 24. Be3 Bc6 25. Bd1 Qb6 26. Bc1 Bd7 27. Nf3 Be6 28.
Qg3 c4+ 29. Kh1 cxd3 30. Ng1 d2 31. Bxd2 Qxb2 32. Rxa5 Qxd2 33. Rh5 0-1

[Event "II Open Dicembre"]
[Site "Arco ITA"]
[Date "2011.12.28"]
[Round "4"]
[White "Mora, Massimo"]
[Black "Silini, Riccardo"]
[Result "1-0"]
[WhiteElo "1998"]
[BlackElo "1823"]
[PlyCount "101"]
[EventDate "2011.12.26"]

1. c4 c5 2. Nf3 Nc6 3. g3 Nf6 4. Bg2 e6 5. O-O d5 6. cxd5 exd5 7. d4 c4 8. Nc3
h6 9. Ne5 Bb4 10. Nxc6 bxc6 11. Qa4 Qb6 12. Nxd5 Nxd5 13. Bxd5 Bd7 14. Bxc4 Bh3
15. Rd1 O-O 16. Bd2 Bxd2 17. Rxd2 Rad8 18. e3 Qb7 19. Ba6 Qa8 20. Bf1 Bxf1 21.
Rxf1 c5 22. Rfd1 cxd4 23. Rxd4 Rxd4 24. Qxd4 Qf3 25. Qd5 Qe2 26. Rd2 Qg4 27.
Qd4 Qf3 28. Qd7 g5 29. b4 h5 30. Qd5 Qf6 31. Rd4 Rc8 32. Kg2 Rc2 33. Qd8+ Qxd8
34. Rxd8+ Kg7 35. a4 Rc4 36. Rd4 Rc7 37. b5 f6 38. Rd6 Kf7 39. Kf3 Ke7 40. Ra6
Kf7 41. Ke4 Kg6 42. Rc6 Rb7 43. f3 Re7+ 44. Kd4 Rd7+ 45. Kc4 h4 46. gxh4 gxh4
47. Kc3 Rd1 48. Ra6 Rh1 49. Rxa7 Rxh2 50. b6 h3 51. b7 1-0

[Event "II Open Dicembre"]
[Site "Arco ITA"]
[Date "2011.12.28"]
[Round "4"]
[White "Niccoli, Paolo"]
[Black "Raineri, Valerio"]
[Result "0-1"]
[WhiteElo "1960"]
[BlackElo "2159"]
[PlyCount "96"]
[EventDate "2011.12.26"]

1. e4 e5 2. Nf3 Nc6 3. Bb5 a6 4. Ba4 Nge7 5. O-O d6 6. c3 Bd7 7. d4 Ng6 8. Re1
Be7 9. Nbd2 O-O 10. Nf1 Qe8 11. Bb3 Bg4 12. d5 Na5 13. Bc2 Nh4 14. N1d2 Bg5 15.
Qe2 Bxd2 16. Bxd2 Bxf3 17. gxf3 f5 18. exf5 Qh5 19. Be4 Rxf5 20. f4 exf4 21.
Qxh5 Rxh5 22. Bxf4 Rf8 23. Bg3 Nc4 24. Rad1 Ne5 25. Bxe5 Rxe5 26. Bh1 Ref5 27.
Re4 Ng6 28. Rd2 Ne5 29. Kf1 Rh5 30. h4 g5 31. Rdd4 g4 32. Rf4 Rxh4 33. Rxf8+
Kxf8 34. Be4 Kg7 35. Bf5 a5 36. Kg2 h5 37. Be4 Kf6 38. b4 Nf3 39. Bxf3 gxf3+
40. Kxf3 Rxd4 41. cxd4 axb4 42. Kf4 c5 43. dxc5 dxc5 44. Ke4 c4 45. f4 h4 46.
f5 h3 47. d6 h2 48. d7 h1=Q+ 0-1

[Event "II Open Dicembre"]
[Site "Arco ITA"]
[Date "2011.12.28"]
[Round "4"]
[White "Paltrinieri, Mario"]
[Black "Menon, Michele"]
[Result "0-1"]
[WhiteElo "1690"]
[BlackElo "1779"]
[PlyCount "61"]
[EventDate "2011.12.26"]

1. b3 e5 2. Bb2 d6 3. e3 Nf6 4. d3 Be7 5. Ne2 Nc6 6. f4 O-O 7. e4 Bg4 8. f5 d5
9. h3 Bxe2 10. Qxe2 dxe4 11. dxe4 Nd4 12. Qd3 Nh5 13. g3 Nxg3 14. Bxd4 exd4 15.
Rg1 Nh5 16. Nd2 Bh4+ 17. Kd1 Bf2 18. Rg4 Nf6 19. Rg2 Be3 20. Ke2 Nh5 21. Rg4
Qd6 22. Kf3 Nf4 23. Qb5 Bxd2 24. Bd3 Be3 25. Bc4 c6 26. Qxb7 Rae8 27. Qxa7 Qe5
28. Bd3 Nxd3 29. cxd3 Qh2 30. Rg3 Qf2+ 31. Kg4 0-1

[Event "II Open Dicembre"]
[Site "Arco ITA"]
[Date "2011.12.28"]
[Round "4"]
[White "Paniga, Danilo"]
[Black "Benaglia, Giovanni"]
[Result "1/2-1/2"]
[WhiteElo "1840"]
[BlackElo "1958"]
[PlyCount "96"]
[EventDate "2011.12.26"]

1. d4 g6 2. Nf3 Bg7 3. Nbd2 d6 4. e4 Nd7 5. Bd3 a6 6. a4 b6 7. O-O e6 8. c3 Ne7
9. b4 O-O 10. Re1 e5 11. dxe5 Nxe5 12. Nxe5 Bxe5 13. Qc2 Nc6 14. Rb1 Qf6 15.
Bb2 Qf4 16. Nf3 Bg7 17. b5 Ne5 18. Nxe5 Bxe5 19. g3 Qg4 20. Be2 Qh3 21. Bf1 Qh5
22. Be2 Bg4 23. c4 Bxe2 24. Qxe2 Qxe2 25. Rxe2 Bxb2 26. Rbxb2 axb5 27. axb5 Ra4
28. Rec2 Rfa8 29. Rb3 Kf8 30. f4 Ra1+ 31. Kf2 R8a4 32. Ke3 Re1+ 33. Kd4 Rd1+
34. Rd3 Rb1 35. Kd5 Rbb4 36. Rdc3 Ke7 37. e5 Kd7 38. Re3 Rb1 39. exd6 cxd6 40.
Rd3 Re1 41. Rdd2 f5 42. Re2 Rd1+ 43. Rcd2 Rxd2+ 44. Rxd2 Ra1 45. Kd4 Ra8 46.
Kd5 Ra1 47. Kd4 Ra8 48. Rc2 Ra1 1/2-1/2

[Event "II Open Dicembre"]
[Site "Arco ITA"]
[Date "2011.12.28"]
[Round "4"]
[White "Pedrotti, Luciano"]
[Black "Paltrinieri, Nicholas"]
[Result "0-1"]
[WhiteElo "1801"]
[BlackElo "2109"]
[PlyCount "74"]
[EventDate "2011.12.26"]

1. e4 e6 2. d4 d5 3. exd5 exd5 4. Nc3 Be6 5. Nf3 Nc6 6. Bb5 Bd6 7. O-O Nge7 8.
Ne2 Ng6 9. c3 Qd7 10. Ng3 a6 11. Be2 h5 12. Re1 h4 13. Nf1 O-O-O 14. Ng5 Nce7
15. Nxe6 fxe6 16. Bg5 Rdf8 17. Bg4 Nf5 18. Qe2 Re8 19. Qd2 Qf7 20. Re2 Nh6 21.
Bh3 Bf4 22. Bxf4 Nxf4 23. Re3 g5 24. Rf3 Rhf8 25. Ne3 Qh5 26. Rxf4 gxf4 27. Qd1
Qxd1+ 28. Nxd1 Nf5 29. b3 e5 30. Nb2 exd4 31. cxd4 Kd8 32. Bxf5 Rxf5 33. f3 Re2
34. Nd3 Rd2 35. Nc5 b6 36. Ne6+ Kd7 37. Re1 Rf6 0-1

[Event "II Open Dicembre"]
[Site "Arco ITA"]
[Date "2011.12.28"]
[Round "4"]
[White "Perich, Stefano"]
[Black "De Nisi, Roberta"]
[Result "1/2-1/2"]
[WhiteElo "1922"]
[BlackElo "1910"]
[PlyCount "40"]
[EventDate "2011.12.26"]

1. e4 e6 2. d3 d5 3. Nd2 c5 4. Ngf3 Nc6 5. g3 Nf6 6. Bg2 Be7 7. O-O O-O 8. c3
dxe4 9. dxe4 e5 10. Qe2 Qc7 11. Nc4 Bg4 12. h3 Bxf3 13. Bxf3 Rad8 14. Kg2 Qd7
15. Bg5 Qd3 16. Bxf6 Bxf6 17. Qxd3 Rxd3 18. Rfd1 Rfd8 19. Rxd3 Rxd3 20. Rd1
Rxd1 1/2-1/2

[Event "II Open Dicembre"]
[Site "Arco ITA"]
[Date "2011.12.28"]
[Round "4"]
[White "Resch, Aaron"]
[Black "Engl, Alexander"]
[Result "0-1"]
[WhiteElo "1607"]
[BlackElo "1497"]
[PlyCount "77"]
[EventDate "2011.12.26"]

1. e4 d5 2. exd5 Nf6 3. d4 c6 4. dxc6 Nxc6 5. Nf3 Bg4 6. c3 e5 7. Be2 exd4 8.
Nxd4 Nxd4 9. Qxd4 Qxd4 10. cxd4 Rd8 11. Be3 Bd6 12. Nc3 O-O 13. h3 Bxe2 14.
Kxe2 a6 15. f3 Rfe8 16. Kf2 Bg3+ 17. Kxg3 Rxe3 18. Kf2 Rd3 19. Rad1 R8xd4 20.
Rxd3 Rxd3 21. Ke2 Rd7 22. Rd1 Rxd1 23. Kxd1 Kf8 24. Kd2 Ke7 25. Ne4 b6 26. Kd3
Nxe4 27. fxe4 Ke6 28. Kd4 f6 29. h4 h5 30. g3 Kd6 31. b4 b5 32. Ke3 Ke5 33. a3
g5 34. Kf3 Kd4 35. e5 Kxe5 36. g4 hxg4+ 37. Kxg4 gxh4 38. Kxh4 Ke4 39. Kg3 0-1

[Event "II Open Dicembre"]
[Site "Arco ITA"]
[Date "2011.12.28"]
[Round "4"]
[White "Schingaro, Angelo"]
[Black "Simmon, Norbert"]
[Result "0-1"]
[WhiteElo "1727"]
[BlackElo "1785"]
[PlyCount "64"]
[EventDate "2011.12.26"]

1. e4 c5 2. Nf3 d6 3. d4 cxd4 4. Nxd4 Nf6 5. Nc3 a6 6. Be3 e6 7. f3 Be7 8. Qd2
Nc6 9. O-O-O Qc7 10. g4 b5 11. g5 Nd7 12. h4 Nde5 13. Qf2 Bb7 14. Kb1 Rc8 15.
Rg1 b4 16. Na4 Qa5 17. b3 Nd7 18. Bh3 Nxd4 19. Bxd4 Rg8 20. Rge1 Qc7 21. Rc1 d5
22. e5 Bc6 23. Nc5 Nxc5 24. Bxc5 Bb5 25. Bxe7 Kxe7 26. Qd4 Qc5 27. Qd2 Rgd8 28.
h5 d4 29. g6 hxg6 30. hxg6 d3 31. Qg5+ Kf8 32. Qe3 d2 0-1

[Event "II Open Dicembre"]
[Site "Arco ITA"]
[Date "2011.12.28"]
[Round "4"]
[White "Sheikh, Mohammed Zannatun N."]
[Black "Pellicoro, Roberto"]
[Result "1-0"]
[WhiteElo "1510"]
[BlackElo "1386"]
[PlyCount "145"]
[EventDate "2011.12.26"]

1. e4 e5 2. Nf3 Nc6 3. Bc4 Bc5 4. Nc3 Qf6 5. h3 Nge7 6. d3 d6 7. a3 O-O 8. Na4
Bd4 9. c3 Bb6 10. b4 Be6 11. Ba2 Bxa2 12. Rxa2 Qe6 13. Rb2 d5 14. exd5 Nxd5 15.
c4 Nf4 16. Bxf4 exf4+ 17. Re2 Qf6 18. O-O a5 19. Nxb6 cxb6 20. b5 Nd4 21. Nxd4
Qxd4 22. Re4 Qc3 23. a4 f3 24. Qxf3 Rad8 25. Re3 Rd7 26. Rfe1 g6 27. Qe2 Rdd8
28. Qf3 Rb8 29. Rd1 Qc2 30. Ra1 Qb2 31. Qd1 Rbe8 32. Qc1 Qd4 33. Ra3 Rxe3 34.
Qxe3 Qb2 35. d4 Qc2 36. Qd3 Qc1+ 37. Kh2 Qf4+ 38. Qg3 Qxd4 39. Rc3 Rc8 40. Qg4
Qxc3 41. Qxc8+ Kg7 42. Qxb7 Qxc4 43. Qxb6 Qxa4 44. Qc5 Qf4+ 45. g3 Qf3 46. b6
a4 47. Kg1 a3 48. Qb5 a2 49. Qb2+ Kh6 50. Qxa2 Qd1+ 51. Kg2 Qc1 52. Qb3 Qc6+
53. Kh2 Qa8 54. b7 Qb8 55. Qxf7 Kh5 56. Qxh7+ Kg5 57. Qh4+ Kf5 58. Qf4+ Qxf4
59. gxf4 Kxf4 60. b8=Q+ Kf3 61. Qg3+ Ke4 62. Qxg6+ Kd5 63. h4 Ke5 64. h5 Kd5
65. h6 Ke5 66. h7 Kd5 67. h8=Q Kc5 68. Qe5+ Kc4 69. Qg4+ Kd3 70. Qe3+ Kc2 71.
Qge2+ Kb1 72. Qb3+ Kc1 73. Qed1# 1-0

[Event "II Open Dicembre"]
[Site "Arco ITA"]
[Date "2011.12.28"]
[Round "4"]
[White "Sinner, Armin"]
[Black "Ziglio, Giorgio"]
[Result "1-0"]
[WhiteElo "1783"]
[BlackElo "1467"]
[PlyCount "41"]
[EventDate "2011.12.26"]

1. f4 Nf6 2. Nf3 d6 3. d3 g6 4. e4 Bg7 5. Be2 c5 6. O-O Nc6 7. Qe1 Nb4 8. Na3
a6 9. c3 Nc6 10. b3 b5 11. Nc2 Qc7 12. Bd2 h5 13. Nh4 e6 14. f5 Ne7 15. fxg6
Nxg6 16. Nxg6 fxg6 17. Qg3 Rh6 18. Bxh6 Qf7 19. Bxg7 Qxg7 20. Qxd6 Bb7 21.
Qxe6+ 1-0

[Event "II Open Dicembre"]
[Site "Arco ITA"]
[Date "2011.12.28"]
[Round "4"]
[White "Trauth, Michael"]
[Black "Buglisi, Massimo"]
[Result "1/2-1/2"]
[WhiteElo "2180"]
[BlackElo "1887"]
[PlyCount "40"]
[EventDate "2011.12.26"]

1. Nf3 Nf6 2. c4 g6 3. g3 Bg7 4. Bg2 O-O 5. Nc3 d6 6. O-O e5 7. d3 h6 8. b3 c6
9. Bb2 Be6 10. c5 Nh5 11. cxd6 f5 12. d4 e4 13. Ne5 Kh7 14. Ba3 Nd7 15. f4 exf3
16. Nxf3 f4 17. Ne4 fxg3 18. hxg3 Bd5 19. g4 Nf4 20. Nf2 h5 1/2-1/2

[Event "II Open Dicembre"]
[Site "Arco ITA"]
[Date "2011.12.28"]
[Round "4"]
[White "Vinciguerra, Riccardo"]
[Black "Petragnani, Gian Giacomo"]
[Result "1-0"]
[WhiteElo "1589"]
[BlackElo "1752"]
[PlyCount "71"]
[EventDate "2011.12.26"]

1. d4 g6 2. Nf3 Bg7 3. e3 d6 4. Bd3 Nd7 5. Nbd2 Ngf6 6. c3 O-O 7. O-O a6 8. a3
b6 9. Qe2 Bb7 10. e4 e5 11. d5 Nc5 12. Bc2 Nh5 13. b4 Nd7 14. Bb2 Nf4 15. Qe1
a5 16. c4 b5 17. cxb5 axb4 18. axb4 f5 19. exf5 gxf5 20. Rxa8 Bxa8 21. Qa1 Nxd5
22. Bb3 Kh8 23. h4 Nxb4 24. Ng5 Nc5 25. Nf7+ Rxf7 26. Bxf7 Nbd3 27. g3 Nxb2 28.
Qxb2 Nd3 29. Qa2 Nc5 30. Bd5 Bxd5 31. Qxd5 e4 32. Qxf5 d5 33. Rd1 Nd3 34. Nxe4
Ne5 35. Ng5 Kg8 36. Rxd5 1-0

[Event "II Open Dicembre"]
[Site "Arco ITA"]
[Date "2011.12.28"]
[Round "5"]
[White "Allegranti, Luca"]
[Black "Horn, Peter"]
[Result "1/2-1/2"]
[WhiteElo "1999"]
[BlackElo "2159"]
[PlyCount "45"]
[EventDate "2011.12.26"]

1. d4 d6 2. e4 Nf6 3. Nc3 e5 4. dxe5 dxe5 5. Qxd8+ Kxd8 6. Bc4 Ke8 7. Nf3 Bd6
8. Bg5 Nbd7 9. h3 h6 10. Bd2 Nc5 11. Bd3 c6 12. O-O Be6 13. a3 Ke7 14. Rfe1
Nxd3 15. cxd3 c5 16. Nb5 Bb8 17. b4 a6 18. Nc3 cxb4 19. axb4 Rd8 20. Na4 Nd7
21. d4 exd4 22. Nxd4 Be5 23. Nxe6 1/2-1/2

[Event "II Open Dicembre"]
[Site "Arco ITA"]
[Date "2011.12.28"]
[Round "5"]
[White "Benaglia, Giovanni"]
[Black "Trauth, Michael"]
[Result "0-1"]
[WhiteElo "1958"]
[BlackElo "2180"]
[PlyCount "52"]
[EventDate "2011.12.26"]

1. d4 c5 2. e4 cxd4 3. Nf3 Nc6 4. c3 d5 5. exd5 Qxd5 6. Be2 e5 7. O-O Nf6 8.
cxd4 exd4 9. Re1 Be7 10. Na3 O-O 11. Nb5 Bb4 12. Rf1 d3 13. Qxd3 Qxd3 14. Bxd3
Rd8 15. Bc4 Bg4 16. Bg5 Bxf3 17. Bxf6 gxf6 18. gxf3 Ne5 19. Be2 Rd2 20. Bd1
Rxb2 21. Bb3 a6 22. Nc7 Rd8 23. Kh1 Rdd2 24. Rg1+ Kf8 25. Rg2 Rxf2 26. Rxf2
Rxf2 0-1

[Event "II Open Dicembre"]
[Site "Arco ITA"]
[Date "2011.12.28"]
[Round "5"]
[White "Bisaro, Andrea"]
[Black "Medves, Adriano"]
[Result "1-0"]
[WhiteElo "1756"]
[BlackElo "1858"]
[PlyCount "83"]
[EventDate "2011.12.26"]

1. d4 g6 2. e4 Bg7 3. Be3 a6 4. Nc3 d6 5. Bc4 e6 6. Qd2 h6 7. f4 b5 8. Bd3 Ne7
9. Nf3 Nd7 10. a4 b4 11. Ne2 a5 12. c3 c5 13. cxb4 cxb4 14. Rc1 Bb7 15. O-O Nf6
16. Ng3 Ng4 17. f5 Nxe3 18. Qxe3 O-O 19. f6 Bxf6 20. Qxh6 Bg7 21. Qh4 f6 22.
Bc4 d5 23. Bd3 dxe4 24. Bxe4 Bxe4 25. Qxe4 Qd7 26. Rfe1 Ra6 27. b3 Rd8 28. Ne2
Qd6 29. Nf4 Kf7 30. Ne2 Nd5 31. Rc4 Rd7 32. Rf1 Ne7 33. Ne5+ Kg8 34. Nxd7 Qxd7
35. Rfc1 Nd5 36. Qxg6 Ne7 37. Qg3 Ra7 38. Qb8+ Kf7 39. Rc7 Rxc7 40. Rxc7 Qd5
41. Qb7 Qd6 42. Rd7 1-0

[Event "II Open Dicembre"]
[Site "Arco ITA"]
[Date "2011.12.28"]
[Round "5"]
[White "Buglisi, Massimo"]
[Black "Dalponte, Dino"]
[Result "1/2-1/2"]
[WhiteElo "1887"]
[BlackElo "2078"]
[PlyCount "26"]
[EventDate "2011.12.26"]

1. d4 f5 2. e4 fxe4 3. Nc3 Nf6 4. Bg5 g6 5. f3 e3 6. Bc4 c6 7. Bxe3 d5 8. Bd3
Be6 9. Qd2 Bf7 10. Nh3 Bg7 11. Ng5 Nbd7 12. Nxf7 Kxf7 13. O-O e6 1/2-1/2

[Event "II Open Dicembre"]
[Site "Arco ITA"]
[Date "2011.12.28"]
[Round "5"]
[White "De Nisi, Roberta"]
[Black "Vinciguerra, Riccardo"]
[Result "1-0"]
[WhiteElo "1910"]
[BlackElo "1589"]
[PlyCount "101"]
[EventDate "2011.12.26"]

1. d4 Nf6 2. c4 g6 3. Nc3 Bg7 4. e4 d6 5. f3 O-O 6. Be3 Re8 7. Qd2 Nbd7 8. Nge2
a6 9. g4 c5 10. Ng3 cxd4 11. Bxd4 e5 12. Be3 Nf8 13. O-O-O Re6 14. g5 Ne8 15.
Nd5 Nc7 16. Bb6 Re7 17. Nxe7+ Qxe7 18. Bxc7 Qxc7 19. Qxd6 Qa5 20. Kb1 Be6 21.
Qd2 Qc5 22. b4 Qc6 23. Rc1 Qa4 24. Be2 Nd7 25. Bd1 Qa3 26. Qc3 Qxc3 27. Rxc3 f5
28. gxf6 Bxf6 29. Bb3 Nb6 30. Rd1 Be7 31. c5 Bxb3 32. axb3 Rc8 33. Rcd3 Na8 34.
Rd7 Bg5 35. Rxb7 Nc7 36. Rd7 Ne6 37. Ne2 h5 38. Rd6 Nf8 39. Rxa6 Rd8 40. Rd6
Re8 41. c6 Be7 42. Rd5 Bxb4 43. Rxb4 Kg7 44. Rb7+ Kf6 45. h4 Rc8 46. c7 Ne6 47.
Rd6 Ke7 48. Rxe6+ Kxe6 49. Rb6+ Kf7 50. Rc6 Kg7 51. b4 1-0

[Event "II Open Dicembre"]
[Site "Arco ITA"]
[Date "2011.12.28"]
[Round "5"]
[White "Engl, Alexander"]
[Black "Mondal, Prince"]
[Result "0-1"]
[WhiteElo "1497"]
[BlackElo "1786"]
[PlyCount "70"]
[EventDate "2011.12.26"]

1. f4 c5 2. Nf3 d6 3. e3 g6 4. Be2 Bg7 5. d4 Bd7 6. O-O e6 7. c3 Ne7 8. e4 cxd4
9. cxd4 d5 10. e5 Nbc6 11. Nc3 a6 12. b3 b5 13. Bb2 Nf5 14. Qd2 h5 15. Nd1 Bf8
16. Ne3 Bb4 17. Bc3 Nxe3 18. Qxe3 Be7 19. Rac1 b4 20. Bb2 O-O 21. h3 h4 22. Ng5
Kg7 23. Bg4 Rh8 24. Bxe6 fxe6 25. Nxe6+ Bxe6 26. Rxc6 Qd7 27. Rfc1 Rac8 28.
Rxc8 Rxc8 29. Rxc8 Qxc8 30. Qd2 Bf5 31. Kf2 Qc2 32. Ke1 Qxd2+ 33. Kxd2 Bb1 34.
Kc1 Be4 35. g4 hxg3 0-1

[Event "II Open Dicembre"]
[Site "Arco ITA"]
[Date "2011.12.28"]
[Round "5"]
[White "Faini, Marco"]
[Black "Bevilacqua, Maurizio"]
[Result "1/2-1/2"]
[WhiteElo "1952"]
[BlackElo "2143"]
[PlyCount "76"]
[EventDate "2011.12.26"]

1. c4 c5 2. g3 Nf6 3. Bg2 e6 4. Nc3 d5 5. d3 Nc6 6. Bg5 d4 7. Ne4 Be7 8. Nxf6+
Bxf6 9. Bxf6 Qxf6 10. Nf3 e5 11. Nd2 O-O 12. O-O Rb8 13. Rb1 Bd7 14. a3 Qe7 15.
e4 a6 16. f4 b5 17. Qc2 f6 18. Rbc1 b4 19. a4 b3 20. Qd1 Nb4 21. Qxb3 Nd5 22.
Qa3 Ne3 23. Rf2 Rb4 24. b3 Re8 25. Bf3 g6 26. Bd1 Qg7 27. Nf1 Qh6 28. a5 Qh3
29. fxe5 Nxd1 30. Rxd1 fxe5 31. Nd2 Qh6 32. Re1 Bh3 33. Qc1 Qg5 34. Qc2 Kg7 35.
Nf3 Qe7 36. Rb1 Bg4 37. Kg2 Bd7 38. Rff1 h6 1/2-1/2

[Event "II Open Dicembre"]
[Site "Arco ITA"]
[Date "2011.12.28"]
[Round "5"]
[White "Fox, Jonas"]
[Black "Lantschner, Carmen"]
[Result "0-1"]
[WhiteElo "1641"]
[BlackElo "1493"]
[PlyCount "102"]
[EventDate "2011.12.26"]

1. e4 d6 2. d4 Nf6 3. Nc3 g6 4. Nf3 Bg7 5. h3 c5 6. Be3 cxd4 7. Nxd4 a6 8. Qd2
Nc6 9. Nf3 Be6 10. Bd3 Nd7 11. Ng5 Nc5 12. Nxe6 Nxe6 13. f4 Nc7 14. g4 d5 15.
Bb6 dxe4 16. Nxe4 Qc8 17. O-O-O Nd5 18. Rhe1 O-O 19. Bf2 Ncb4 20. Bc5 Nxd3+ 21.
Qxd3 Nxf4 22. Qf3 Qc7 23. Bxe7 Qxe7 24. Qxf4 Rfd8 25. g5 Rxd1+ 26. Rxd1 Rd8 27.
Nf6+ Bxf6 28. gxf6 Rxd1+ 29. Kxd1 Qd8+ 30. Ke2 h5 31. Qe5 Kh7 32. Qe7 Qd5 33.
Ke3 g5 34. Qe4+ Qxe4+ 35. Kxe4 Kg6 36. Ke5 g4 37. hxg4 hxg4 38. Kf4 Kxf6 39.
Kxg4 Ke5 40. Kf3 Kd4 41. Kf4 b5 42. Kf3 b4 43. Kf4 a5 44. Kf3 a4 45. Ke2 f5 46.
Kd2 f4 47. c3+ bxc3+ 48. bxc3+ Kc4 49. Kc2 a3 50. Kd2 f3 51. Ke3 Kxc3 0-1

[Event "II Open Dicembre"]
[Site "Arco ITA"]
[Date "2011.12.28"]
[Round "5"]
[White "Gehrke, Rolf"]
[Black "Medves, Enrico"]
[Result "1/2-1/2"]
[WhiteElo "2085"]
[BlackElo "1889"]
[PlyCount "113"]
[EventDate "2011.12.26"]

1. Nf3 Nf6 2. g3 b6 3. Bg2 Bb7 4. O-O c5 5. d3 e6 6. e4 d6 7. Nc3 Nbd7 8. Bf4
a6 9. Re1 Qc7 10. e5 Nd5 11. Nxd5 Bxd5 12. c4 Bc6 13. Qe2 d5 14. Ng5 Qb7 15.
Qh5 g6 16. Qh3 dxc4 17. Bxc6 Qxc6 18. dxc4 Be7 19. Rad1 h6 20. Ne4 Kf8 21. Nc3
Kg7 22. Qg2 Qxg2+ 23. Kxg2 Rhd8 24. Bc1 Nf8 25. Ne4 Ra7 26. Rxd8 Bxd8 27. Rd1
Rd7 28. Nd6 Be7 29. Be3 Bxd6 30. exd6 e5 31. b4 Ne6 32. bxc5 bxc5 33. Rd5 f6
34. Bxc5 Nxc5 35. Rxc5 Rxd6 36. Rc7+ Kg8 37. Ra7 Rc6 38. Kf3 Rxc4 39. Rxa6 Kf7
40. Ra7+ Ke6 41. h4 h5 42. Ra3 Kf5 43. Ke3 g5 44. hxg5 fxg5 45. Ra8 h4 46. gxh4
gxh4 47. Kf3 Rc3+ 48. Kg2 h3+ 49. Kh2 Rf3 50. Rf8+ Ke4 51. Rxf3 Kxf3 52. a4
Kxf2 53. a5 e4 54. a6 e3 55. a7 e2 56. a8=Q e1=Q 57. Qf8+ 1/2-1/2